Competencias del Estado y las comunidades autónomas en materia de empleo juvenil (Registro nro. 710973)
[ vista simple ]
| 001 - NÚMERO DE CONTROL | |
|---|---|
| campo de control | 1402747 |
| 005 - FECHA Y HORA DE LA ÚLTIMA TRANSACCIÓN | |
| campo de control | 20240202121441.0 |
| 008 - DATOS DE LONGITUD FIJA--INFORMACIÓN GENERAL | |
| campo de control de longitud fija | 150309e20141205 spa |
| 035 ## - NÚMERO DE CONTROL DEL SISTEMA | |
| Número de control de sistema | 1402747 |
| 040 ## - FUENTE DE LA CATALOGACIÓN | |
| Centro/agencia transcriptor | comduadb |
| 041 ## - CÓDIGO DE LENGUA | |
| Código de lengua del texto/banda sonora o título independiente | spa |
| 100 10 - ENTRADA PRINCIPAL--NOMBRE DE PERSONA | |
| Nombre de persona | Aguilera Izquierdo, Raquel |
| Código de función | aut |
| Término indicativo de función/relación | Autor/a |
| 9 (RLIN) | 507360 |
| 245 10 - MENCIÓN DE TÍTULO | |
| Título | Competencias del Estado y las comunidades autónomas en materia de empleo juvenil |
| 520 3# - SUMARIO, ETC. | |
| Sumario, etc. | El estudio analiza las competencias del Estado y las Comunidades Autónomas en materia de empleo juvenil con especial atención a algunas de las cuestiones que derivan de la implantación del Sistema Nacional de Garantía Juvenil. Tras recordar la doctrina constitucional sobre la distribución de competencias en materia de política de empleo y en materia de subvenciones, el estudio analiza la implantación del Sistema Nacional de Garantía Juvenil en España. |
| 650 ## - PUNTO DE ACCESO ADICIONAL DE MATERIA--TÉRMINO DE MATERIA | |
| Término de materia o nombre geográfico como elemento de entrada | Empleo juvenil |
| 9 (RLIN) | 145377 |
| 650 ## - PUNTO DE ACCESO ADICIONAL DE MATERIA--TÉRMINO DE MATERIA | |
| Término de materia o nombre geográfico como elemento de entrada | Mercado laboral - España |
| 9 (RLIN) | 116876 |
| 650 ## - PUNTO DE ACCESO ADICIONAL DE MATERIA--TÉRMINO DE MATERIA | |
| Término de materia o nombre geográfico como elemento de entrada | Comunidades autónomas - España |
| 9 (RLIN) | 118150 |
| 773 0# - ENLACE AL DOCUMENTO FUENTE/ENTRADA DE REGISTRO ANFITRIÓN | |
| Título | Revista del Ministerio de Empleo y Seguridad Social (Madrid) |
| Parte(s) relacionada(s) | Año 2014, Número 113, 39-60 |
| Número de control del registro | 1311729 |
| Número Internacional Normalizado para Publicaciones Seriadas | 2174-7504 |
| Número bibliográfico anfitrión | 642172 |
| 942 ## - ELEMENTOS DE ENTRADA AGREGADA (KOHA) | |
| Tipo de ítem Koha | Artículo de Revista |
No hay ítems disponibles.